header

Ecology, policy, and politics (Record no. 97007)

MARC details
000 -LEADER
fixed length control field 01302nam a2200349Ia 4500
100 1# - MAIN ENTRY--AUTHOR NAME
Personal name O'Neill, John,
245 10 - TITLE STATEMENT
Title Ecology, policy, and politics
260 ## - PUBLICATION, DISTRIBUTION, ETC. (IMPRINT)
Place of publication London ;
-- New York :
Name of publisher Routledge,
Year of publication 1993.
300 ## - PHYSICAL DESCRIPTION
Number of Pages x, 227 p.
650 #0 - SUBJECT ADDED ENTRY--TOPICAL TERM
Topical Term Animal welfare.
Topical Term Conservation of natural resources.
Topical Term Ecology.
Topical Term Environmental policy.
Topical Term Human ecology.
856 40 - ELECTRONIC LOCATION AND ACCESS
Uniform Resource Identifier http://site.ebrary.com/lib/rucke/Doc?id=10099190

No items available.

© 2026 Rongo University
Contact us: librarian | system librarian | Rongo university